Книга о Коране, его происхождении и мифологии

Λεπτομέρειες βιβλιογραφικής εγγραφής
Κύριος συγγραφέας: Климович Л. И. Люциан Ипполитович
Γλώσσα:Ρωσικά
Έκδοση: Москва, Политиздат, 1986
Θέματα:
Μορφή: Βιβλίο
KOHA link:https://koha.lib.tpu.ru/cgi-bin/koha/opac-detail.pl?biblionumber=19270

MARC

LEADER 00000nam0a2200000 4500
001 19270
005 20231030191611.0
035 |a (RuTPU)RU\TPU\book\19431 
035 |a BOOK00004119 
090 |a 19270 
100 |a 20011209d1986 km y0rusy50 ca 
101 0 |a rus 
102 |a RU 
105 |a a z 000zy 
200 1 |a Книга о Коране, его происхождении и мифологии  |f Л. И. Климович 
210 |a Москва  |c Политиздат  |d 1986 
215 |a 270 с. 
610 1 |a религия 
610 1 |a ислам 
610 1 |a мусульманство 
610 1 |a мифология 
610 1 |a Коран 
686 |a Э38  |v LBC/SL-A  |2 rubbk 
686 |a Ч611.68  |v LBC/SL-A  |2 rubbk 
700 1 |a Климович  |b Л. И.  |g Люциан Ипполитович 
801 0 |a RU  |b 63413507  |c 20011209  |g PSBO 
801 2 |a RU  |b 63413507  |c 20110628  |g PSBO 
942 |c BK